Big mushy happy lump. #2 / Sarah Andersen.
Available copies
- 2 of 2 copies available at LARL/NWRL Consortium. (Show)
- 1 of 1 copy available at Lake Agassiz Regional Library.
Current holds
0 current holds with 2 total copies.
Show Only Available Copies
| Location | Call Number / Copy Notes | Barcode | Shelving Location | Status | Due Date |
|---|---|---|---|---|---|
| Detroit Lakes Public Library | G AND (Text) | 33500012458899 | Main | Available | - |
Record details
- ISBN: 1449479618
- ISBN: 9781449479619
- Physical Description: 125 pages : chiefly illustrations ; 21 cm
- Publisher: Kansas City, Missouri : Andrews McMeel Publishing, [2017]
Content descriptions
| Summary, etc.: | Containing illustrated personal essays on the ... Read More |
Search for related items by subject
| Genre: | Humorous comics. Comic books, strips, etc. Humorous comics. Comic books, strips, etc. Humorous stories > Comic books, strips, etc. Graphic novels. |
Search for related items by series
| LDR | 02388cam a2200529Ii 4500 | ||
|---|---|---|---|
| 001 | 242425 | ||
| 003 | LARL_NWRL_CONSORTIUM | ||
| 005 | 20170330195538.0 | ||
| 008 | 160630s2017 moua 6 000 1 eng d | ||
| 010 | . | ‡a 2016951399 | |
| 040 | . | ‡aYDXCP ‡beng ‡erda ‡cYDXCP ‡dBTCTA ‡dBDX ‡dZQP ‡dSINLB ‡dJQM ‡dCQU ‡dOCLCF ‡dKYC ‡dVP@ ‡dTXOLT | |
| 019 | . | ‡a973763786 | |
| 020 | . | ‡a1449479618 | |
| 020 | . | ‡a9781449479619 | |
| 035 | . | ‡a(OCoLC)952649165 ‡z(OCoLC)973763786 | |
| 037 | . | ‡bAndrews McMeel Pub, C/O Simon & Schuster 100 Front st, Riverside, NJ, USA, 08075, (816)5817516 ‡nSAN 200-2442 | |
| 082 | 0 | 4. | ‡a741.5/973 ‡223 |
| 100 | 1 | . | ‡aAndersen, Sarah ‡q(Sarah C.), ‡eauthor, ‡eartist. ‡0(LARL_NWRL_CONSORTIUM)221866 |
| 245 | 1 | 0. | ‡aBig mushy happy lump. ‡n#2 / ‡cSarah Andersen. |
| 264 | 1. | ‡aKansas City, Missouri : ‡bAndrews McMeel Publishing, ‡c[2017] | |
| 300 | . | ‡a125 pages : ‡bchiefly illustrations ; ‡c21 cm | |
| 336 | . | ‡atext ‡2rdacontent | |
| 336 | . | ‡astill image ‡2rdacontent | |
| 337 | . | ‡aunmediated ‡2rdamedia | |
| 338 | . | ‡avolume ‡2rdacarrier | |
| 490 | 0 | . | ‡aSarah's scribbles ; ‡v2 |
| 520 | . | ‡aContaining illustrated personal essays on the author's real-life experiences with anxiety, career, relationships and other adulthood challenges, this collection of the hugely popular, world-famous Sarah's Scribbles comics are perfect for those of us who boast bookstore-ready bodies and Netflix-ready hair. | |
| 650 | 0. | ‡aSingle women ‡vComic books, strips, etc. | |
| 650 | 0. | ‡aYoung adults ‡vComic books, strips, etc. | |
| 650 | 0. | ‡aGeneration Y ‡vComic books, strips, etc. | |
| 650 | 0. | ‡aAmerican wit and humor, Pictorial. ‡0(LARL_NWRL_CONSORTIUM)13429 | |
| 650 | 7. | ‡aAmerican wit and humor, Pictorial. ‡2fast ‡0(LARL_NWRL_CONSORTIUM)13429 | |
| 650 | 7. | ‡2fast ‡aGeneration Y ‡0(LARL_NWRL_CONSORTIUM)162339 | |
| 650 | 7. | ‡2fast ‡aSingle women ‡0(LARL_NWRL_CONSORTIUM)31045 | |
| 650 | 7. | ‡2fast ‡aYoung adults ‡0(LARL_NWRL_CONSORTIUM)35110 | |
| 655 | 7. | ‡aHumorous comics. ‡2lcgft | |
| 655 | 7. | ‡aComic books, strips, etc. ‡2fast | |
| 655 | 7. | ‡aHumorous comics. ‡2fast | |
| 655 | 4. | ‡aComic books, strips, etc. | |
| 655 | 4. | ‡aHumorous stories ‡vComic books, strips, etc. | |
| 655 | 4. | ‡aGraphic novels. | |
| 901 | . | ‡a242425 ‡bOCoLC ‡c242425 ‡tbiblio | |

Add to basket
Permalink
Disable Highlighting